000 00319nam a2200145Ia 4500
100 _aBalagurusamy/ E.
942 _cBK
654 _aProgramming with Java
245 _aProgramming with Java
260 _bTata Mc Graw hill
_c1999
082 _a005.133'J'
_bBAL
300 _a453
546 _aENGLISH
999 _c19253
_d19253